000
00271nam a2200109Ia 4500
008
220204s9999 xx 000 0 und d
082
_a
651
_b
MAN;1
245
0
_a
Manual of office procedure
250
_a
Ed.2
260
_a
India
_b
Manager of Publications
_c
1956
942
_c
BK
999
_c
22320
_d
22320